000 nam a22 7a 4500
999 _c331391
_d331391
003 NUST
005 20170926153138.0
008 170926b xxu||||| |||| 00| 0 eng d
040 _cNUST
082 _a351
100 _aBasharat,Sadaf, Syed,Shaheera, Javed,Amna, Hamid,Zainab Khawaja, Zainab Zaheer
_95012
245 _aA case of discontinuous implementation: a process tracing analysis of decentralization in Pakistan
260 _aIslamabad
_c2014
300 _a38p
942 _2ddc
_cTHE